History Quiz

Random History or Clickable Quiz

Click a Bill Quiz Stats

 Plays Quiz Updated May 11, 2013

Also try: Click a Chuck
Challenge
Share
Tweet
Embed
Score 0/20 Timer 03:00
3 Plays Today
% Correct
Clinton
93.5%
Gates
93.1%
Shatner
90.5%
Cosby
88.6%
Tell
84.1%
Cody
72.6%
Hearst
70%
Bligh
61%
Baffin
53.7%
Bonney
48.3%
% Correct
Thackeray
44.7%
Herschel
43.4%
Gladstone
43.1%
Pitt
33.5%
Wilberforce
29%
Hogarth
26.6%
Harvey
23.8%
Cecil
21.6%
Doolin
17.6%
Joyce
14.8%

You're not logged in!

Compare scores with friends on all Sporcle quizzes.
OR
Log In

You Might Also Like...

Show Comments

Extras

Top Quizzes Today


Score Distribution

Your Account Isn't Verified!

In order to create a playlist on Sporcle, you need to verify the email address you used during registration. Go to your Sporcle Settings to finish the process.

Report this User

Report this user for behavior that violates our Community Guidelines.

Details: